[Event "Toronto NAYCC U14"]
[Site "Toronto"]
[Date "2013.08.14"]
[Round "1"]
[White "Zhong, Joey"]
[Black "Hua, Justin"]
[Result "1-0"]
[WhiteElo "1901"]
[BlackElo "1210"]
[PlyCount "83"]
[EventDate "2013.08.14"]
[EventType "swiss"]
[EventRounds "9"]
[EventCountry "CAN"]
[SourceTitle "EXT 2022"]
[Source "ChessBase"]
[SourceDate "2021.10.06"]
[SourceVersion "1"]
[SourceVersionDate "2021.10.06"]
[SourceQuality "1"]

1. e4 e5 2. Nf3 Nc6 3. Bb5 d6 4. d4 Bd7 5. Nc3 Nf6 6. 0-0 a6 7. Bxc6 Bxc6 8. Re1 Qe7 9. Bg5 h6 10. Bxf6 Qxf6 11. Nd5 Bxd5 12. exd5 Be7 13. dxe5 dxe5 14. Nxe5 Rd8 15. Ng4 Qxb2 16. Qe2 Rd7 17. Ne5 Rxd5 18. Ng6 Rd7 19. Nxh8 Qf6 20. Rab1 c6 21. Qg4 b5 22. Rbd1 Rxd1 23. Rxd1 Bd6 24. Qc8+ Ke7 25. Re1+ Be5 26. Qc7+ Kf8 27. Qxe5 Qxe5 28. Rxe5 g6 29. Rc5 Kg7 30. Nxf7 Kxf7 31. Rxc6 a5 32. Ra6 a4 33. Ra5 Ke7 34. Rxb5 Kd7 35. Ra5 Kc6 36. Rxa4 Kb5 37. Rg4 g5 38. a4+ Kb6 39. h4 gxh4 40. f4 Kb7 41. f5 Kc7 42. a5 1-0